| 000 | 01186cab a2200289 4500 | ||
|---|---|---|---|
| 001 | ABS42367 | ||
| 008 | 090401t1990 xxu||||| |||| 00| 0 eng d | ||
| 035 | _a(Sirsi) u36392 | ||
| 041 | _aeng | ||
| 100 | _aMcLoughlin, P. | ||
| 245 | _aLandlord and Tenant : to consent or not to consent? | ||
| 260 | _c1990 | ||
| 350 | _a0 | ||
| 490 |
_aEstates Gazette _v(9011) 17 March 1990, 60-63(2) |
||
| 520 | _aDiscusses the issue of whether a landlords refusal to consent to the assignment of a lease is reasonable or unreasonable quoting recent case law . | ||
| 650 | _aBRITISH BAKERIES MIDLAND LTD V MICHAEL TESTLER AND CO LTD | ||
| 650 | _aINTERNATIONAL DRILLING FLUIDS LTD V LOUISVILLE INVESTMENTS (UXBRIDGE) LTD | ||
| 650 | _aLANDLORD AND TENANT ACT 1927 S19 | ||
| 650 | _aLANDLORD AND TENANT ACT 1988 | ||
| 650 | _aORLANDO INVESTMENTS LTD V GROSVENOR ESTATE BELGRAVIA | ||
| 650 | _aPONDEROSA INTERNATIONAL DEVELOPMENT INC V PENGAP SECURITIES (BRISTOL) LTD | ||
| 650 | _aVENETIAN GLASS GALLERY LTD V NEXT PROPERTIES LTD | ||
| 650 | _aWARREN V MARKETING EXCHANGE FOR AFRICA LTD | ||
| 690 | _aLANDLORD AND TENANT-BUSINESS TENANCIES | ||
| 942 | _n0 | ||
| 948 | _c04/03/1997 | ||
| 999 |
_c23651 _d23651 |
||